000 00222nam a2200097Ia 4500
005 20251222175817.0
008 251222s9999||||xx |||||||||||||| ||spa||
082 _aDVD0120/L83/1967
245 0 _aCamelot:Camelot
942 _cDVD
999 _c40350
_d40350